[Event "Mundial Juvenil 2005 s14"]
[Site "Belfort FRA"]
[Date "2005.07.21"]
[Round "3.16"]
[White "Leniart, Arkadiusz"]
[Black "Ikeda, Junta"]
[Result "1-0"]
[WhiteElo "2269"]
[BlackElo "1999"]
[PlyCount "75"]
[EventDate "2005.07.19"]
[EventType "swiss"]
[EventRounds "11"]
[EventCountry "FRA"]
[Source "lmi"]
[SourceDate "2005.07.31"]

1. d4 d5 2. c4 e6 3. Nc3 c5 4. cxd5 exd5 5. Nf3 Nc6 6. g3 Nf6 7. Bg2 h6 8. O-O
Be6 9. b3 Rc8 10. Bb2 Bd6 11. dxc5 Bxc5 12. Na4 Bd6 13. Nd4 O-O 14. Rc1 Qe7 15.
Nxc6 bxc6 16. Bd4 Bg4 17. Re1 Nd7 18. h3 Bh5 19. g4 Bg6 20. Bxa7 Qe5 21. Nc5
Qh2+ 22. Kf1 Ne5 23. Nd3 f5 24. Nxe5 Bxe5 25. Rxc6 Rxc6 26. Qxd5+ Kh7 27. Qxc6
Rf6 28. Qd5 fxg4 29. hxg4 Ra6 30. Be3 Rxa2 31. b4 Ra6 32. b5 Ra4 33. Qf3 Bc3
34. Rd1 Bc2 35. Rc1 Bb2 36. Rxc2 Ra1+ 37. Bc1 Bxc1 38. Qf5+ 1-0

[Event "Mundial Juvenil 2005 s14"]
[Site "Belfort FRA"]
[Date "2005.07.21"]
[Round "3.17"]
[White "Demuth, Adrien"]
[Black "Martinovic, Sasa"]
[Result "0-1"]
[WhiteElo "2053"]
[BlackElo "2139"]
[PlyCount "82"]
[EventDate "2005.07.19"]
[EventType "swiss"]
[EventRounds "11"]
[EventCountry "FRA"]
[Source "lmi"]
[SourceDate "2005.07.31"]

1. d4 d5 2. Nf3 Nc6 3. c4 Bg4 4. Nc3 e6 5. Bg5 f6 6. cxd5 exd5 7. Bf4 Bb4 8. e3
Nge7 9. Be2 Qd7 10. a3 Bd6 11. Bxd6 Qxd6 12. b4 O-O 13. O-O Ng6 14. Rc1 Kh8 15.
Qb3 Be6 16. Na4 Nce7 17. Nc5 Bc8 18. Rfd1 a6 19. Qc2 c6 20. Bd3 Rb8 21. h3 f5
22. Re1 Qf6 23. a4 f4 24. e4 Nh4 25. Be2 Bxh3 26. e5 Nxf3+ 27. Bxf3 Qg5 28. Kf1
Bxg2+ 29. Bxg2 f3 30. Bxf3 Rxf3 31. Nd7 Re8 32. e6 Qh5 33. Ne5 Rh3 34. Re3 Rh1+
35. Kg2 Rh2+ 36. Kf1 Nf5 37. Nf7+ Kg8 38. Qd3 Nxe3+ 39. Qxe3 Rh1+ 40. Kg2 Qh2+
41. Kf3 Qh3+ 0-1

[Event "Mundial Juvenil 2005 s14"]
[Site "Belfort FRA"]
[Date "2005.07.21"]
[Round "3.18"]
[White "Kukla, Maciej"]
[Black "Muheim, Sebastian"]
[Result "1/2-1/2"]
[WhiteElo "1969"]
[BlackElo "2064"]
[PlyCount "51"]
[EventDate "2005.07.19"]
[EventType "swiss"]
[EventRounds "11"]
[EventCountry "FRA"]
[Source "lmi"]
[SourceDate "2005.07.31"]

1. e4 Nf6 2. e5 Nd5 3. d4 d6 4. c4 Nb6 5. f4 dxe5 6. fxe5 Nc6 7. Be3 Bf5 8. Nc3
e6 9. Be2 Be7 10. Nf3 O-O 11. O-O f6 12. Nh4 fxe5 13. Nxf5 Rxf5 14. d5 Rxf1+
15. Qxf1 exd5 16. cxd5 Nd4 17. Rc1 Bg5 18. Qf2 Qe7 19. Rf1 Bxe3 20. Qxe3 Nxe2+
21. Qxe2 Qc5+ 22. Kh1 Rf8 23. Rxf8+ Qxf8 24. g3 Qd6 25. Qh5 Qe7 26. Kg2 1/2-1/2

[Event "Mundial Juvenil 2005 s14"]
[Site "Belfort FRA"]
[Date "2005.07.21"]
[Round "3.19"]
[White "Yilmaz, Mustafa"]
[Black "Al Khouri, Ibraheem"]
[Result "1-0"]
[WhiteElo "1599"]
[BlackElo "2062"]
[PlyCount "73"]
[EventDate "2005.07.19"]
[EventType "swiss"]
[EventRounds "11"]
[EventCountry "FRA"]
[Source "lmi"]
[SourceDate "2005.07.31"]

1. e4 d5 2. Nc3 e6 3. d3 Nf6 4. Bg5 Be7 5. g3 d4 6. Nce2 c5 7. Bg2 Nc6 8. Nf3
O-O 9. O-O Nd7 10. Bd2 e5 11. g4 c4 12. dxc4 Nf6 13. Ne1 Bxg4 14. Nd3 Be6 15.
b3 Nd7 16. Ng3 Nc5 17. f4 f6 18. Nf5 Bxf5 19. exf5 Qd7 20. Kh1 Nxd3 21. cxd3
Qxf5 22. Be4 Qh3 23. Rf3 Qh5 24. f5 Bd6 25. b4 Ne7 26. Qf1 Rab8 27. Rh3 Qf7 28.
Qg2 Kh8 29. Rg1 b6 30. Qg4 a5 31. Qh4 Qg8 32. Bh6 Rf7 33. Rhg3 axb4 34. Rxg7
Rxg7 35. Qxf6 Nxf5 36. Bxf5 Bf8 37. Be6 1-0

[Event "Mundial Juvenil 2005 s14"]
[Site "Belfort FRA"]
[Date "2005.07.21"]
[Round "3.20"]
[White "Cordova, Emilio"]
[Black "Silva, Miguel Alexandre Go"]
[Result "1-0"]
[WhiteElo "2422"]
[BlackElo "1958"]
[PlyCount "31"]
[EventDate "2005.07.19"]
[EventType "swiss"]
[EventRounds "11"]
[EventCountry "FRA"]
[Source "lmi"]
[SourceDate "2005.07.31"]

1. d4 Nf6 2. Nf3 g6 3. c4 c5 4. Nc3 Bg7 5. g3 O-O 6. Bg2 a6 7. dxc5 Qa5 8. O-O
Qxc5 9. Na4 Qc7 10. Bf4 Qa5 11. b4 Qh5 12. Nb6 Ng4 13. h3 Nh6 14. Nxa8 Bxa1 15.
Qxa1 Nc6 16. g4 1-0

[Event "Mundial Juvenil 2005 s14"]
[Site "Belfort FRA"]
[Date "2005.07.22"]
[Round "4.2"]
[White "Roganovic, Milos"]
[Black "Rozum, Ivan"]
[Result "1-0"]
[WhiteElo "2228"]
[BlackElo "2297"]
[PlyCount "96"]
[EventDate "2005.07.19"]
[EventType "swiss"]
[EventRounds "11"]
[EventCountry "FRA"]
[Source "lmi"]
[SourceDate "2005.07.31"]

1. e4 d6 2. d4 Nf6 3. Nc3 g6 4. Be3 c6 5. h3 Bg7 6. Nf3 O-O 7. Bd3 Qc7 8. Ne2
e5 9. c3 d5 10. Nxe5 dxe4 11. Bc2 Nd5 12. Bxe4 Nxe3 13. fxe3 Bxe5 14. dxe5 Qxe5
15. Qd4 Re8 16. Qxe5 Rxe5 17. Rd1 Nd7 18. Ng3 f5 19. Bc2 Rxe3+ 20. Kf2 Re8 21.
Rhe1 Rxe1 22. Rxe1 Kf8 23. Ne2 Nf6 24. Nf4 Bd7 25. h4 Re8 26. Rxe8+ Kxe8 27.
Ke3 Ke7 28. Nd3 Nd5+ 29. Kd4 Kd6 30. c4 Nf6 31. c5+ Ke7 32. Nf4 Be6 33. a3 Bf7
34. b4 Nd7 35. Bd1 Kf6 36. Nd3 Bd5 37. Nf4 Be4 38. g4 h6 39. gxf5 Bxf5 40. b5
Ne5 41. a4 Bg4 42. Bxg4 Nxg4 43. a5 Ne5 44. a6 bxa6 45. bxc6 Nxc6+ 46. Kd5 Nb4+
47. Kd6 a5 48. Nd3 Nxd3 1-0

[Event "Mundial Juvenil 2005 s14"]
[Site "Belfort FRA"]
[Date "2005.07.22"]
[Round "4.3"]
[White "Sandeep, Y."]
[Black "Hess, Robert L"]
[Result "1-0"]
[WhiteElo "2189"]
[BlackElo "2278"]
[PlyCount "93"]
[EventDate "2005.07.19"]
[EventType "swiss"]
[EventRounds "11"]
[EventCountry "FRA"]
[Source "lmi"]
[SourceDate "2005.07.31"]

1. Nf3 g6 2. g3 Bg7 3. Bg2 e5 4. d3 d5 5. O-O Ne7 6. c4 dxc4 7. dxc4 O-O 8. Nc3
Nbc6 9. Bg5 f6 10. Be3 Be6 11. Qa4 Nf5 12. Bc5 Rf7 13. Rfd1 Rd7 14. e3 Bf8 15.
Ne4 Nd6 16. Bxd6 cxd6 17. Rd2 h6 18. Rad1 f5 19. Nc3 Rc8 20. b3 Nb8 21. Ne1 e4
22. Nc2 Rc5 23. Nd5 Bf7 24. Nd4 a6 25. Nf4 Qb6 26. Qa3 d5 27. cxd5 Bxd5 28. b4
Rc4 29. Nxd5 Rxd5 30. Qb3 Qxb4 31. Bf1 Qxb3 32. axb3 Rcxd4 33. Rxd4 Rxd4 34.
Rxd4 Be7 35. g4 Kf7 36. gxf5 gxf5 37. Bh3 Nc6 38. Rd7 Na5 39. b4 Nc6 40. Rxb7
Nxb4 41. Bxf5 Kf6 42. Bxe4 Bc5 43. Kh1 Bf8 44. Ra7 Bc5 45. Ra8 Bb6 46. Rh8 Kg5
47. h4+ 1-0

[Event "Mundial Juvenil 2005 s14"]
[Site "Belfort FRA"]
[Date "2005.07.22"]
[Round "4.4"]
[White "Hansen-Cherstiouk, Alexei"]
[Black "Utegaliev, A."]
[Result "0-1"]
[WhiteElo "2019"]
[BlackElo "2249"]
[PlyCount "68"]
[EventDate "2005.07.19"]
[EventType "swiss"]
[EventRounds "11"]
[EventCountry "FRA"]
[Source "lmi"]
[SourceDate "2005.07.31"]

1. e4 c5 2. Nf3 d6 3. d4 cxd4 4. Nxd4 Nf6 5. Nc3 a6 6. Bg5 e6 7. f4 Qb6 8. Qd2
Qxb2 9. Rb1 Qa3 10. f5 b5 11. fxe6 fxe6 12. Bxf6 gxf6 13. Be2 h5 14. Rb3 Qc5
15. Ncxb5 axb5 16. Rc3 Bh6 17. Qd3 Qb4 18. Bxh5+ Ke7 19. O-O Bd7 20. a3 Qa4 21.
Rxf6 Bf8 22. Rf7+ Kd8 23. Qd2 Be7 24. Bg4 b4 25. axb4 Qa1+ 26. Bd1 Rg8 27. Rd3
Ra3 28. b5 Rxd3 29. Qxd3 e5 30. Nf5 Bxf5 31. Rxf5 Nd7 32. Qd5 Rg6 33. Kf2 Rf6
34. Qc4 Qxd1 0-1

[Event "Mundial Juvenil 2005 s14"]
[Site "Belfort FRA"]
[Date "2005.07.22"]
[Round "4.5"]
[White "Boychev, Mariyan"]
[Black "Nabaty, Tamir"]
[Result "1-0"]
[WhiteElo "2240"]
[BlackElo "2140"]
[PlyCount "73"]
[EventDate "2005.07.19"]
[EventType "swiss"]
[EventRounds "11"]
[EventCountry "FRA"]
[Source "lmi"]
[SourceDate "2005.07.31"]

1. d4 d5 2. c4 e5 3. dxe5 d4 4. Nf3 Nc6 5. a3 Bg4 6. Nbd2 Nge7 7. h3 Be6 8. Ng5
Ng6 9. Nxe6 fxe6 10. Nf3 Qd7 11. e3 O-O-O 12. exd4 Bc5 13. Bg5 Nxd4 14. Bxd8
Rxd8 15. Nxd4 Bxd4 16. Qd2 Nxe5 17. Qc2 Bc5 18. Be2 Bxf2+ 19. Kxf2 Qd4+ 20. Kf1
Qe3 21. Rd1 Qf4+ 22. Bf3 Nxf3 23. Rxd8+ Kxd8 24. gxf3 Qxf3+ 25. Kg1 Qg3+ 26.
Qg2 Qe1+ 27. Kh2 Qe5+ 28. Qg3 Qe2+ 29. Kg1 Qd1+ 30. Kg2 Qd2+ 31. Qf2 Qg5+ 32.
Kf3 Ke7 33. Re1 Qf5+ 34. Kg2 Qg5+ 35. Kh1 Qh5 36. Qg2 g6 37. Qg3 1-0

[Event "Mundial Juvenil 2005 s14"]
[Site "Belfort FRA"]
[Date "2005.07.22"]
[Round "4.6"]
[White "Tvarijonas, Povilas"]
[Black "Matlakov, Maxim"]
[Result "0-1"]
[WhiteElo "2174"]
[BlackElo "2399"]
[PlyCount "144"]
[EventDate "2005.07.19"]
[EventType "swiss"]
[EventRounds "11"]
[EventCountry "FRA"]
[Source "lmi"]
[SourceDate "2005.07.31"]

1. e4 e6 2. d4 d5 3. exd5 exd5 4. Bd3 Nc6 5. c3 Bd6 6. Qf3 Nge7 7. Ne2 Be6 8.
Bf4 Ng6 9. Nd2 Nxf4 10. Nxf4 Qf6 11. Nxe6 fxe6 12. O-O-O O-O 13. Rde1 Rae8 14.
Qxf6 gxf6 15. Re2 e5 16. dxe5 fxe5 17. Rhe1 Nd8 18. Bc2 c6 19. g3 Kg7 20. Kd1
Ne6 21. f3 b5 22. a3 Nc5 23. Re3 Nd7 24. b4 a5 25. Kc1 a4 26. Rd3 Nb6 27. Bb1
Bc7 28. Kd1 Bd8 29. Rde3 Bf6 30. Bd3 Re7 31. Bc2 Rfe8 32. Bd3 Nc8 33. R3e2 Nd6
34. Re3 Kf8 35. R3e2 Rc8 36. g4 Rce8 37. Bc2 Bh4 38. Rf1 Bg5 39. Bd3 Kg7 40.
Ree1 Bf4 41. Rf2 Rc8 42. Nb1 c5 43. bxc5 Rxc5 44. Rb2 Rec7 45. h4 h6 46. Rb4
Kf6 47. Rf1 Rc8 48. Re1 R8c7 49. Rf1 Rg7 50. Rf2 Be3 51. Rfb2 Rb7 52. Ke2 Bf4
53. Kd1 Ke6 54. Re2 Kd7 55. Rg2 Rc8 56. g5 hxg5 57. hxg5 Kc6 58. g6 Rh8 59. Ke2
Rg7 60. Kf2 Rh1 61. Ke2 Nc4 62. Rf2 Rg1 63. Rf1 Rg2+ 64. Rf2 Rxf2+ 65. Kxf2
Be3+ 66. Kg3 Bc5 67. Rxc4 bxc4 68. Bc2 Kd6 69. Kg4 Ke6 70. Kg5 Be3+ 71. Kh5 Kf6
72. Kg4 Rb7 0-1

[Event "Mundial Juvenil 2005 s14"]
[Site "Belfort FRA"]
[Date "2005.07.22"]
[Round "4.7"]
[White "Wei, Chenpeng"]
[Black "Ly, Moulthun"]
[Result "0-1"]
[WhiteElo "2406"]
[BlackElo "2117"]
[PlyCount "83"]
[EventDate "2005.07.19"]
[EventType "swiss"]
[EventRounds "11"]
[EventCountry "FRA"]
[Source "lmi"]
[SourceDate "2005.07.31"]

1. e4 c5 2. Nf3 e6 3. d4 cxd4 4. Nxd4 Qb6 5. Nb3 Nc6 6. Bd3 a6 7. O-O Nf6 8.
Nc3 d6 9. a4 Qc7 10. a5 Be7 11. f4 O-O 12. Qf3 Nd7 13. Bd2 Nc5 14. Nxc5 dxc5
15. e5 f5 16. exf6 Bxf6 17. Kh1 Nd4 18. Qh3 g6 19. Ne4 Bd8 20. Bc4 Kh8 21. Bc3
Be7 22. b4 e5 23. Qh6 Bf5 24. Nxc5 Bxc5 25. bxc5 Qxc5 26. Bxd4 Qxd4 27. Be2 Qd2
28. Bc4 Bxc2 29. Qg5 Rf5 30. Qe7 Be4 31. Rg1 Qd4 32. Ra4 Qd8 33. Qe6 Bc6 34.
Ra3 exf4 35. Bd3 f3 36. Be4 fxg2+ 37. Bxg2 Bxg2+ 38. Rxg2 Rf1+ 39. Rg1 Rxg1+
40. Kxg1 Qd4+ 41. Re3 Rf8 42. Qe5+ 0-1

[Event "Mundial Juvenil 2005 s14"]
[Site "Belfort FRA"]
[Date "2005.07.22"]
[Round "4.8"]
[White "Zhao, Nan"]
[Black "Krejci, Jan"]
[Result "1-0"]
[WhiteElo "2276"]
[BlackElo "2090"]
[PlyCount "90"]
[EventDate "2005.07.19"]
[EventType "swiss"]
[EventRounds "11"]
[EventCountry "FRA"]
[Source "lmi"]
[SourceDate "2005.07.31"]

1. e4 e5 2. Nf3 Nf6 3. d4 Nxe4 4. Bd3 d5 5. Nxe5 Nd7 6. Nxd7 Bxd7 7. O-O Qh4 8.
c4 O-O-O 9. c5 g5 10. Nc3 Bg7 11. Be3 c6 12. g3 Nxc3 13. bxc3 Qh6 14. Qa4 Kb8
15. h4 Bf6 16. Rab1 Qg7 17. Ba6 b5 18. cxb6 axb6 19. Qa5 Kc7 20. Qxb6+ Kd6 21.
Qc5+ Ke6 22. Rfe1 Kf5 23. Bd3+ Kg4 24. Kh2 Kh5 25. hxg5 Bxg5 26. Bxg5 Qxg5 27.
Re5 f5 28. Qd6 Qg6 29. g4+ Kh6 30. g5+ Kg7 31. Qe7+ Qf7 32. Qxf7+ Kxf7 33. Bxf5
Bxf5 34. Rxf5+ Kg6 35. Re5 Ra8 36. f4 Rxa2+ 37. Kg3 Ra3 38. Kg4 Rf8 39. f5+ Kf7
40. Rh1 Ra2 41. Rxh7+ Kg8 42. Rc7 Rg2+ 43. Kh5 Rf7 44. Rc8+ Rf8 45. Rxf8+ Kxf8
1-0

[Event "Mundial Juvenil 2005 s14"]
[Site "Belfort FRA"]
[Date "2005.07.22"]
[Round "4.9"]
[White "Ju, Evan D"]
[Black "Leniart, Arkadiusz"]
[Result "1/2-1/2"]
[WhiteElo "2149"]
[BlackElo "2269"]
[PlyCount "55"]
[EventDate "2005.07.19"]
[EventType "swiss"]
[EventRounds "11"]
[EventCountry "FRA"]
[Source "lmi"]
[SourceDate "2005.07.31"]

1. e4 e6 2. d4 d5 3. Nd2 Be7 4. Ngf3 Nf6 5. e5 Ne4 6. Bd3 Nxd2 7. Bxd2 b6 8. c3
a5 9. O-O Ba6 10. Ne1 Bxd3 11. Nxd3 c5 12. f4 c4 13. Nc1 Qd7 14. Qf3 g6 15. g4
h5 16. f5 hxg4 17. fxe6 Qxe6 18. Qg2 g3 19. hxg3 Nd7 20. Ne2 g5 21. b3 b5 22.
bxc4 bxc4 23. Rab1 f6 24. Rb5 fxe5 25. Rxd5 e4 26. Rdf5 Rb8 27. Rxa5 Qh6 28.
Bc1 1/2-1/2

[Event "Mundial Juvenil 2005 s14"]
[Site "Belfort FRA"]
[Date "2005.07.22"]
[Round "4.10"]
[White "Recuero Guerra, David"]
[Black "Yilmaz, Mustafa"]
[Result "1-0"]
[WhiteElo "2261"]
[BlackElo "1599"]
[PlyCount "43"]
[EventDate "2005.07.19"]
[EventType "swiss"]
[EventRounds "11"]
[EventCountry "FRA"]
[Source "lmi"]
[SourceDate "2005.07.31"]

1. e4 c5 2. Nf3 d6 3. d4 cxd4 4. Nxd4 Nf6 5. Nc3 e6 6. Be2 a6 7. O-O Be7 8. Be3
O-O 9. f4 b5 10. e5 Nd5 11. Nxd5 exd5 12. Bf3 dxe5 13. fxe5 Qd7 14. Nf5 Bb7 15.
Bxd5 Kh8 16. Qg4 g6 17. e6 fxe6 18. Nxe7 Rxf1+ 19. Rxf1 Qxe7 20. Qxe6 Nc6 21.
Qxe7 Nxe7 22. Bd4# 1-0

[Event "Mundial Juvenil 2005 s14"]
[Site "Belfort FRA"]
[Date "2005.07.22"]
[Round "4.11"]
[White "Martinovic, Sasa"]
[Black "Alza, Agustin"]
[Result "1/2-1/2"]
[WhiteElo "2139"]
[BlackElo "2167"]
[PlyCount "66"]
[EventDate "2005.07.19"]
[EventType "swiss"]
[EventRounds "11"]
[EventCountry "FRA"]
[Source "lmi"]
[SourceDate "2005.07.31"]

1. d4 Nf6 2. c4 e6 3. Nc3 Bb4 4. e3 O-O 5. Nge2 d5 6. a3 Be7 7. cxd5 exd5 8. b4
b6 9. Ng3 Re8 10. Bd3 c6 11. O-O Bd6 12. Qc2 Bb7 13. Bb2 Nbd7 14. Rac1 a5 15.
bxa5 Rxa5 16. e4 dxe4 17. Ncxe4 Bf8 18. a4 Nd5 19. Qb3 Qe7 20. Bc3 Ra7 21. Bd2
Qa3 22. Bc2 Qxb3 23. Bxb3 N7f6 24. Nxf6+ Nxf6 25. Rfe1 Raa8 26. Ra1 Rad8 27.
Rxe8 Rxe8 28. Rb1 c5 29. dxc5 Bxc5 30. h3 b5 31. Bg5 Ne4 32. Nxe4 Rxe4 33. Rd1
Re2 1/2-1/2

[Event "Mundial Juvenil 2005 s14"]
[Site "Belfort FRA"]
[Date "2005.07.22"]
[Round "4.12"]
[White "Modwal, Sankalp"]
[Black "Cordova, Emilio"]
[Result "0-1"]
[WhiteElo "2060"]
[BlackElo "2422"]
[PlyCount "79"]
[EventDate "2005.07.19"]
[EventType "swiss"]
[EventRounds "11"]
[EventCountry "FRA"]
[Source "lmi"]
[SourceDate "2005.07.31"]

1. e4 c5 2. Nf3 Nc6 3. d4 cxd4 4. Nxd4 Nf6 5. Nc3 e5 6. Ndb5 d6 7. Bg5 a6 8.
Na3 b5 9. Bxf6 gxf6 10. Nd5 Bg7 11. Bd3 Ne7 12. Ne3 f5 13. exf5 d5 14. c3 e4
15. Bxe4 dxe4 16. Qg4 O-O 17. O-O Qb6 18. Qxe4 Ra7 19. Nac2 Kh8 20. h4 Rg8 21.
Kh2 Bf6 22. Kh3 Nxf5 23. Nxf5 Re7 24. Qd3 Qd8 25. Ncd4 Bxd4 26. cxd4 Re5 27. g4
Rxf5 28. gxf5 Qd5 29. Qg3 Qxf5+ 30. Kg2 Rxg3+ 31. fxg3 Bb7+ 32. Kg1 Qh3 33. Kf2
Qg2+ 34. Ke3 Qe4+ 35. Kd2 Qxd4+ 36. Ke2 Qxb2+ 37. Ke3 Qc3+ 38. Kf4 Qd4+ 39. Kg5
h6+ 40. Kh5 0-1

[Event "Mundial Juvenil 2005 s14"]
[Site "Belfort FRA"]
[Date "2005.07.22"]
[Round "4.13"]
[White "Chirila, Ioan Cristian"]
[Black "Wagih-Abdessalem, Karim Ahmed"]
[Result "1/2-1/2"]
[WhiteElo "2350"]
[BlackElo "2064"]
[PlyCount "82"]
[EventDate "2005.07.19"]
[EventType "swiss"]
[EventRounds "11"]
[EventCountry "FRA"]
[Source "lmi"]
[SourceDate "2005.07.31"]

1. e4 c5 2. Nf3 Nc6 3. d4 cxd4 4. Nxd4 Nf6 5. Nc3 g6 6. Nxc6 bxc6 7. e5 Ng8 8.
Bc4 Bg7 9. Qf3 f5 10. Bf4 e6 11. O-O-O Qc7 12. Rhe1 Nh6 13. h4 Nf7 14. Qg3 Bb7
15. a3 O-O-O 16. Qe3 Qa5 17. Bg3 h6 18. f4 g5 19. Kb1 gxf4 20. Bxf4 Rhg8 21. g3
Bf8 22. Be2 Bc5 23. Qd3 Bf2 24. Rf1 Bb6 25. b4 Qxa3 26. Qc4 a5 27. Bh5 Nh8 28.
Nb5 Qxb4+ 29. Qxb4 axb4 30. Nd6+ Kb8 31. Nxb7 Kxb7 32. Bxh6 Kc7 33. Bg5 Ra8 34.
Rd3 Ra3 35. Rfd1 Rxd3 36. Rxd3 Ng6 37. Bf6 Bc5 38. Be2 Ne7 39. h5 Ra8 40. h6
Ng8 41. Bg5 Ne7 1/2-1/2

[Event "Mundial Juvenil 2005 s14"]
[Site "Belfort FRA"]
[Date "2005.07.22"]
[Round "4.14"]
[White "Plaskan, Jure"]
[Black "Salgado Lopez, Ivan"]
[Result "1-0"]
[WhiteElo "2057"]
[BlackElo "2340"]
[PlyCount "53"]
[EventDate "2005.07.19"]
[EventType "swiss"]
[EventRounds "11"]
[EventCountry "FRA"]
[Source "lmi"]
[SourceDate "2005.07.31"]

1. e4 c5 2. Nf3 d6 3. d4 cxd4 4. Nxd4 Nf6 5. Nc3 a6 6. Bc4 e6 7. O-O Be7 8. Bb3
O-O 9. f4 Nbd7 10. Kh1 Qc7 11. f5 e5 12. Nde2 b5 13. Ng3 Bb7 14. a3 h6 15. Qf3
Nb6 16. Nh5 Kh7 17. Qh3 Nxh5 18. Qxh5 Bf6 19. Rf3 Nc4 20. Bxh6 gxh6 21. Rh3 Bg7
22. f6 Rh8 23. Rg3 Rhg8 24. Qf5+ Kh8 25. fxg7+ Rxg7 26. Qf6 Rag8 27. Qxh6+ 1-0

[Event "Mundial Juvenil 2005 s14"]
[Site "Belfort FRA"]
[Date "2005.07.22"]
[Round "4.16"]
[White "Feller, Sebastien"]
[Black "Cabrera Trujillo, Jorge"]
[Result "1-0"]
[WhiteElo "2282"]
[BlackElo "2059"]
[PlyCount "81"]
[EventDate "2005.07.19"]
[EventType "swiss"]
[EventRounds "11"]
[EventCountry "FRA"]
[Source "lmi"]
[SourceDate "2005.07.31"]

1. d4 Nf6 2. c4 g6 3. Nc3 Bg7 4. e4 d6 5. f3 O-O 6. Bg5 a6 7. Qd2 c5 8. d5 b5
9. cxb5 Qa5 10. a4 Nbd7 11. Nh3 Nb6 12. Nf2 axb5 13. Bxb5 Ba6 14. Bxa6 Rxa6 15.
O-O Rb8 16. Qe2 Nbd7 17. Nb5 Qb6 18. Nd1 Rba8 19. Ndc3 h6 20. Bh4 g5 21. Bf2
Ne8 22. Rac1 Ne5 23. b3 Nc7 24. Nxc7 Qxc7 25. b4 Qb7 26. Bg3 Nd7 27. Kh1 Nb6
28. Bf2 Nd7 29. Be3 Ne5 30. f4 gxf4 31. Bxf4 Ng6 32. Qh5 Nxf4 33. Rxf4 e5 34.
Rg4 Kh7 35. h3 Rf8 36. Rf1 c4 37. Nb5 Rxa4 38. Nxd6 Qb6 39. Ne8 Rg8 40. Rxg7+
Rxg7 41. Nf6+ 1-0

[Event "Mundial Juvenil 2005 s14"]
[Site "Belfort FRA"]
[Date "2005.07.22"]
[Round "4.17"]
[White "Benidze, David"]
[Black "Delivre, Raphael"]
[Result "1/2-1/2"]
[WhiteElo "2243"]
[BlackElo "2037"]
[PlyCount "54"]
[EventDate "2005.07.19"]
[EventType "swiss"]
[EventRounds "11"]
[EventCountry "FRA"]
[Source "lmi"]
[SourceDate "2005.07.31"]

1. d4 Nf6 2. c4 g6 3. Nc3 d5 4. Nf3 Bg7 5. g3 O-O 6. Bg2 c5 7. cxd5 Nxd5 8. O-O
Nc6 9. e3 Be6 10. Ne2 Nf6 11. b3 cxd4 12. exd4 Nd5 13. Bb2 Rc8 14. Nc1 Nb6 15.
Ne2 Nd5 16. h3 h6 17. Ne5 Qd6 18. Nd3 b6 19. Rc1 Ncb4 20. Nxb4 Qxb4 21. a3 Qd6
22. Qd2 Rfd8 23. Rfe1 Nf6 24. Qe3 Bd5 25. Nf4 Bxg2 26. Nxg2 Nd5 27. Qf3 Qd7
1/2-1/2

[Event "Mundial Juvenil 2005 s14"]
[Site "Belfort FRA"]
[Date "2005.07.22"]
[Round "4.18"]
[White "Platzgummer, Fabian"]
[Black "Kruglyakov, Pavlo"]
[Result "0-1"]
[WhiteElo "2032"]
[BlackElo "2242"]
[PlyCount "103"]
[EventDate "2005.07.19"]
[EventType "swiss"]
[EventRounds "11"]
[EventCountry "FRA"]
[Source "lmi"]
[SourceDate "2005.07.31"]

1. e4 c5 2. Nc3 Nc6 3. Nf3 e6 4. d4 cxd4 5. Nxd4 a6 6. Be2 Qc7 7. O-O Nf6 8.
Be3 d6 9. f4 Be7 10. Kh1 O-O 11. Qe1 e5 12. Nb3 exf4 13. Rxf4 Be6 14. Rd1 Ne5
15. Nd4 Nfd7 16. Qg3 Bf6 17. Rf2 Kh8 18. Nxe6 fxe6 19. Qh3 Rfe8 20. Bf1 Rad8
21. g4 Ng6 22. e5 Ndxe5 23. Ne4 Bh4 24. Rfd2 d5 25. Bg5 Bxg5 26. Nxg5 h6 27.
Rf2 Kg8 28. Nf3 Nxf3 29. Qxf3 Rf8 30. Qe3 Rxf2 31. Qxf2 Rf8 32. Qe3 Nf4 33. c3
Qc6 34. Kg1 g5 35. b3 Rc8 36. c4 Qc5 37. Kf2 Qxe3+ 38. Kxe3 Kf7 39. h4 Kf6 40.
hxg5+ hxg5 41. a4 Ke5 42. Rc1 d4+ 43. Kf3 a5 44. Rc2 d3 45. Rh2 Kd4 46. Rh7 Rd8
47. Bxd3 Nxd3 48. Rxb7 e5 49. Rb5 Rf8+ 50. Ke2 Rf2+ 51. Kd1 Ke3 52. b4 0-1

[Event "Mundial Juvenil 2005 s14"]
[Site "Belfort FRA"]
[Date "2005.07.22"]
[Round "4.19"]
[White "Herrera Reyes, Jose Antonio"]
[Black "Pereira, Ruben Miguel Nunes"]
[Result "0-1"]
[WhiteElo "2001"]
[BlackElo "2239"]
[PlyCount "68"]
[EventDate "2005.07.19"]
[EventType "swiss"]
[EventRounds "11"]
[EventCountry "FRA"]
[Source "lmi"]
[SourceDate "2005.07.31"]

1. d4 d5 2. c4 c6 3. Nc3 dxc4 4. e3 b5 5. Nxb5 cxb5 6. Qf3 Qc7 7. Qxa8 Bb7 8.
Qxa7 e5 9. Bxc4 bxc4 10. Qa4+ Nd7 11. Nf3 exd4 12. exd4 Bd6 13. O-O Ne7 14. Ne5
Bxe5 15. dxe5 O-O 16. Bf4 Ng6 17. e6 Qxf4 18. Qxd7 Bxg2 19. exf7+ Rxf7 20. Qe8+
Rf8 21. Qe6+ Kh8 22. Qe3 Qxe3 23. fxe3 Rxf1+ 24. Rxf1 Bxf1 25. Kxf1 Kg8 26. Kf2
Ne5 27. Ke2 Kf7 28. e4 Nd3 29. b3 cxb3 30. axb3 Nc1+ 31. Kd2 Nxb3+ 32. Kc3 Na5
33. Kb4 Nb7 34. Kb5 Nd6+ 0-1

[Event "Mundial Juvenil 2005 s14"]
[Site "Belfort FRA"]
[Date "2005.07.22"]
[Round "4.20"]
[White "Sochacki, Wojtek"]
[Black "Alonso Rosell, Alvar"]
[Result "1/2-1/2"]
[WhiteElo "1973"]
[BlackElo "2156"]
[PlyCount "119"]
[EventDate "2005.07.19"]
[EventType "swiss"]
[EventRounds "11"]
[EventCountry "FRA"]
[Source "lmi"]
[SourceDate "2005.07.31"]

1. e4 c5 2. Nf3 d6 3. d4 cxd4 4. Qxd4 Nc6 5. Bb5 Bd7 6. Bxc6 Bxc6 7. Nc3 Nf6 8.
Bg5 e6 9. O-O-O Be7 10. Rhe1 O-O 11. e5 dxe5 12. Qh4 Qc7 13. Nxe5 Rfd8 14.
Rxd8+ Rxd8 15. Ng4 Nxg4 16. Qxg4 Bxg5+ 17. Qxg5 h6 18. Qh4 Qb6 19. f3 Rd4 20.
Qf2 Qc5 21. Rd1 Qg5+ 22. Kb1 Rxd1+ 23. Nxd1 Qf4 24. h3 a6 25. Qe3 Qg3 26. Qf2
Qf4 27. Qe3 Qd6 28. Kc1 Kf8 29. Qd2 Qc7 30. Qd4 Kg8 31. Qd2 Qg3 32. Qf2 Qg5+
33. Qd2 Qc5 34. Qd8+ Kh7 35. Qd3+ g6 36. Qc3 Qg5+ 37. Qd2 Qf6 38. Nf2 h5 39. c3
Qh4 40. Nd1 Qa4 41. b3 Qa3+ 42. Kb1 Qe7 43. Qf4 e5 44. Qe3 Bd7 45. g4 Qf6 46.
Nf2 hxg4 47. hxg4 Qe7 48. Nd3 f6 49. Kb2 g5 50. Qe4+ Kh6 51. Qxb7 Qd6 52. Qe4
Bc6 53. Qe2 Bb5 54. c4 Qd4+ 55. Kc2 Bc6 56. Nf2 Qa1 57. Kd3 Qd4+ 58. Kc2 Qa1
59. Kd3 Qd4+ 60. Kc2 1/2-1/2

[Event "Mundial Juvenil 2005 s14"]
[Site "Belfort FRA"]
[Date "2005.07.23"]
[Round "5.1"]
[White "Rozum, Ivan"]
[Black "Boychev, Mariyan"]
[Result "0-1"]
[WhiteElo "2297"]
[BlackElo "2240"]
[PlyCount "46"]
[EventDate "2005.07.19"]
[EventType "swiss"]
[EventRounds "11"]
[EventCountry "FRA"]
[Source "lmi"]
[SourceDate "2005.07.31"]

1. e4 c5 2. Nf3 e6 3. d3 Nc6 4. g3 g6 5. Bg2 Bg7 6. O-O Nge7 7. c3 d5 8. Re1 d4
9. e5 dxc3 10. Nxc3 O-O 11. Bf4 b6 12. Qd2 Ba6 13. Rad1 Qc7 14. Ne4 Rad8 15.
Nf6+ Kh8 16. Bh6 Ng8 17. Bxg7+ Kxg7 18. Qg5 h6 19. Qe3 Nb4 20. Nxg8 Rxg8 21.
Re2 Nxd3 22. Kh1 Rh8 23. Ng1 Bc8 0-1